00321nam a2200145Ia 4500008004000000041000800040082001100048100001100059245002100070260004000091650000900131650001300140650000700153700001500160210210b1956 xxu||||| |||| 00| 0 eng d aeng a560/11 aRUSSEL aWhat is science? aLondonbVictor Gollancz Ltd.,c1956 aWhat ascience? ais aand others